Maďarsko-slovenský a slovensko-maďarský technický slovník

Enregistré dans:
Détails bibliographiques
Format: Livre
Langue:hongrois
slovaque
Publié: Bratislava Alfa 1989
Édition:1. vyd.
Collection:Edícia prekladových slovníkov
Tags: Ajouter un tag
Pas de tags, Soyez le premier à ajouter un tag!

MARC

LEADER 00000nam a2200000 4500
001 c024018
005 20221215070813.8
041 0 |a hun 
041 0 |a slo 
044 |a SK 
245 1 0 |a Maďarsko-slovenský a slovensko-maďarský technický slovník 
250 |a 1. vyd. 
264 1 |a Bratislava  |b Alfa  |c 1989 
300 |a 957 s. 
490 1 |a Edícia prekladových slovníkov 
830 0 |a Edícia prekladových slovníkov